00517 a2200169 450000500170000001000140001702000110003103500130004203700150005508200100007010000180008024500480009825000160014626000440016227001160020630000250032220181031160422.0 aENG-87799 c120.00 aEN-71332 bDBAD / PUB a658.3 aSubba Rao, P. aHuman resource management /cby P.Subba Rao a2nd rev. ed aMumbaibHimalaya Publishing Housec2006 a"Ramdoot", Dr. Bhalerao Marg, (Kelewadi), GirgaonbMumbaie400 004k022-23860170, 022-23863863mhimpub@vsnl.com a209 p.c24 cm. (Pbk)